000 01999nam1a2200289 i 4500
001 RU\NLR\BIBL_A\010011667
005 20260408202901.0
021 _aRU
_b2013-21853
_91540
035 _a(NLR Aleph) 010011667
090 _a9857433
_c9857433
100 _a20131206g20139999k||y0rusy50 ca
101 0 _arus
102 _aRU
105 _a |||z||||||||
200 1 _aВысокие интеллектуальные технологии и инновации в национальных исследовательских университетах
_eматериалы Международной научно-методической конференции, 28 февраля - 1 марта 2013 года
210 _aСанкт-Петербург
_cИзд-во Политехнического университета
_d2013
215 _d20
300 _aВ надзаг.: М-во образования и науки Рос. Федерации, С.-Петерб. гос. политехн. ун-т, Координац. совет Учеб.-метод. об-ний и Науч.-метод. советов Минобрнауки России, Учеб.-метод. об-ние вузов России по унив. политехн. образованию[и др.]
606 _aУниверситеты
_jСъезды, совещания и т.п.
_xИнновации педагогические
_92567640
_3RU\NLR\AUTH\661518520
686 1 _aЧ481.21я431
711 1 2 _a"Высокие интеллектуальные технологии и инновации в национальных исследовательских университетах", международная научно-методическая конференция
_d20
_eСанкт-Петербург
_f2013
_9373373
_3RU\NLR\AUTH\8810243779
801 0 _aRU
_bNLR
_c20130412
_gRCR
801 1 _aRU
_bNLR
_c20130412
852 _aNLR
_j2013-3/11727
942 _cBOOK